Missing Word: Top Grossing Movies (1994) Quiz Stats

 Plays Quiz Updated Jul 29, 2017

Support Sporcle.
Go Orange.
Score 0/20 Timer 02:00
1 Play Today
Movie Missing Word % Correct
_______ GumpForrest
98.2%
Beverly _____ Cop IIIHills
97.5%
Pulp _______Fiction
96.9%
Miracle on 34th ______Street
95.5%
Star ____: GenerationsTrek
94.7%
Ace Ventura: ___ DetectivePet
91.6%
Four ________ and a FuneralWeddings
91.2%
____ and DumberDumb
85.9%
The Santa ______Clause
82.5%
The ____ KingLion
82%
Movie Missing Word % Correct
Interview with the _______Vampire
80.1%
Clear and _______ DangerPresent
79.5%
True ____Lies
67.1%
_______ of the FallLegends
59.8%
Reality _____Bites
59.4%
Hoop ______Dreams
52.9%
The ____ Karate KidNext
46.3%
Street _______Fighter
34.4%
The _____ WildRiver
24.8%
The Little _______Rascals
9.8%

Today's Daily Dose

You're not logged in!

Compare scores with friends on all Sporcle quizzes.
OR
Log In
Forgot?

From the Vault

Click the Italian-Speaking Countries

by mg10

You cannoli do so much here.
Remove Ads.
Support Sporcle.
Get the best of Sporcle when you Go Orange. This ad-free experience offers more features, more stats, and more fun while also helping to support Sporcle. Thank you for becoming a member.

Show Comments

Extras

Top Quizzes Today


Score Distribution

Your Account Isn't Verified!

In order to create a playlist on Sporcle, you need to verify the email address you used during registration. Go to your Sporcle Settings to finish the process.

Report this User

Report this user for behavior that violates our Community Guidelines.

Details: